000 00546nam a2200229Ia 4500
003 OSt
005 20220924144740.0
006 a|||||r|||| 00| 0
007 ta
008 220923b |||||||| |||| 00| 0 urd d
020 _c100.00
024 _a320385
037 _cTextual
040 _aARTS
_cARTS
_burd
041 _2urd
_aurd
082 _aP28:4k, 168L0
245 0 _aAl-munjid Arbi Urdu
260 _c1970
650 _aARABIC LANGUAGE
_931794
942 _hP28:4k, 168L0
_cTEXL
_2CC
999 _c458138
_d458138